BOTANY A TEXTBOOK FOR COLLEGES (Record no. 501)

MARC details
000 -LEADER
fixed length control field 00299nam a22001217a 4500
008 - FIXED-LENGTH DATA ELEMENTS--GENERAL INFORMATION
fixed length control field 240423b |||||||| |||| 00| 0 eng d
100 ## - MAIN ENTRY--AUTHOR
Author HILL, BEN
245 ## - TITLE STATEMENT
Title BOTANY A TEXTBOOK FOR COLLEGES
250 ## - EDITION STATEMENT
Edition statement 4th
260 ## - PUBLICATION, DISTRIBUTION, ETC. (IMPRINT)
Place of publication LONDON
Name of publisher MCGREW HILL BOOK COMPANY
Date of publication 1967
942 ## - ADDED ENTRY ELEMENTS (KOHA)
Item type Books
082 ## - DEWEY DECIMAL CLASSIFICATION NUMBER
Classification number QK 71
Item number .H55
Holdings
Source of classification or shelving scheme Not for loan Permanent location Current location Date acquired Accession No. Full call number Barcode. Koha item type
Library of Congress Classification   Samuel Ogbemudia Main Library, University of Abuja Samuel Ogbemudia Main Library, University of Abuja 04/23/2024 2006-31240 QK 71.H55 2024-1210 Books